书目信息 |
| 题名: |
浴血斯大林格勒
|
|
| 作者: | 捷列宾斯基, 原著 ;檀琦 编译 | |
| 分册: | ||
| 出版信息: | 北京 京华出版社 2005 |
|
| 页数: | 361页, [4] 页图版 | |
| 开本: | 21cm | |
| 丛书名: | 二战经典战役全记录 | |
| 单 册: | ||
| 中图分类: | E195.2 | |
| 科图分类: | ||
| 主题词: | 第二次世界大战战役--Di Er Ci Shi Jie Da Zhan Zhan Yi--史料 , 斯大林格勒保卫战--Si Da Lin Ge Le Bao Wei Zhan--史料--1942-1943 | |
| 电子资源: | ||
| ISBN: | 978-7-80600-899-7 | |
| 000 | 01329nam 2200325 45 | |
| 001 | 012001012455 | |
| 005 | 20191209145054.14 | |
| 010 | @a978-7-80600-899-7@dCNY56.00 | |
| 099 | @aCAL 012011002249 | |
| 100 | @a20110105d2005 em y0chiy50 ea | |
| 101 | 1 | @achi |
| 102 | @aCN@b110000 | |
| 105 | @aaf z 000yy | |
| 106 | @ar | |
| 200 | 1 | @a浴血斯大林格勒@Ayu xue si da lin ge le@d= The battle of Stalingrad@f原著谢韦里安·捷列宾斯基@g编译檀琦@zeng |
| 205 | @a2版 | |
| 210 | @a北京@c京华出版社@d2005 | |
| 215 | @a361页, [4] 页图版@c图@d21cm | |
| 225 | 2 | @a二战经典战役全记录@Aer zhan jing dian zhan yi quan ji lu |
| 306 | @aGettyimages授权出版并提供图片 | |
| 330 | @a本书是一部有关第二次世界大战的史料。希特勒信奉塞维茨的名言:“进攻是最好的预防”他认为冬天的麻烦已经过去,于是在1942年的夏季,发起了一场无与伦比的震惊世界的攻势,他过高的估计了德军的作战能力,过低估计了苏军的力量。 | |
| 410 | 0 | @12001@@a二战经典战役全记录 |
| 510 | 1 | @aBattle of Stalingrad@zeng |
| 606 | 0 | @a第二次世界大战战役@ADi Er Ci Shi Jie Da Zhan Zhan Yi@x史料 |
| 606 | 0 | @a斯大林格勒保卫战@ASi Da Lin Ge Le Bao Wei Zhan@x史料@z1942-1943 |
| 690 | @aE195.2@v4 | |
| 701 | 1 | @a捷列宾斯基,@Ajie lie bin si ji@b谢韦里安@4原著 |
| 702 | 0 | @a檀琦@Atan qi@4编译 |
| 801 | 2 | @aCN@b上海新华@c20191020 |
| 905 | @b1179304-7@dE195.2@e110=2@f4 | |
| 浴血斯大林格勒= The battle of Stalingrad/原著谢韦里安·捷列宾斯基/编译檀琦.-2版.-北京:京华出版社,2005 |
| 361页, [4] 页图版:图;21cm.-(二战经典战役全记录) |
| ISBN 978-7-80600-899-7:CNY56.00 |
| 本书是一部有关第二次世界大战的史料。希特勒信奉塞维茨的名言:“进攻是最好的预防”他认为冬天的麻烦已经过去,于是在1942年的夏季,发起了一场无与伦比的震惊世界的攻势,他过高的估计了德军的作战能力,过低估计了苏军的力量。 |
| ● |
| 相关链接 |
|
|
|
|
正题名:浴血斯大林格勒
索取号:E195.2/110=2
 
预约/预借
| 序号 | 登录号 | 条形码 | 馆藏地/架位号 | 状态 | 备注 |
| 1 | 1179304 | 211793040 | 第一样本阅览室/ [索取号:E195.2/110=2] | 在馆 | |
| 2 | 1179305 | 211793059 | 第一借阅区/ [索取号:E195.2/110=2] | 在馆 | |
| 3 | 1179306 | 211793068 | 第一借阅区/ [索取号:E195.2/110=2] | 在馆 | |
| 4 | 1179307 | 211793077 | 第一借阅区/ [索取号:E195.2/110=2] | 在馆 |